01747 a2200169 4500999001700000020001800017082002100035245006700056260004500123300001600168520110900184650008401293700002401377700002101401942001201422952014301434 c26247d26247 a9780199497249 a307.720954bIND- aIndia's villages in the 21st centuryb Revisits and Revisions  bOxford University Pressc2019aNew Delhi axvii, 415p. aRural sociology in India has undergone dynamic phases and shifts; from early ethnographic field research conducted by anthropologists such as M. N Srinivas (1950), to more focused analyses on agrarian conflict and agrarian change through the 1960s and 70s, village studies in India continued to evolve. However, post-economic liberalization in the 90s, the village ceased to be central to ongoing sociological concerns, and the 'urban' took over, with studies on the city and demography becoming more prominent. The shifts in Indian economic policy during the early 1990s began to marginalize rural life and its agrarian economy in the national imagination. India's Villages studies this shift and argues that in 21st century India, the rural continues to play a significant role in contemporary life, just as much as the rural itself changes in form and nature. Through essays published in the EPW, the volume puts together 14 papers based on empirical studies carried out by sociologists, social anthropologists and economists over the past 15 years to begin a holistic conversation on the rural today. aSociology, RuralvRural conditionsvEconomic policyvVillage communitieszIndia aJodhka, Surinder S. aSimpson, Edward  2ddccBK 00104070aNASSDOCbNASSDOCd2020-07-08eOPg1091.35i2020-06-11l0o307.720954 IND-p51004r2020-07-15 00:00:00v1495.00w2020-07-15yBK